Un obscuro deseo : sangre caníbal = Trouble Every Day /

Gardado en:
Detalles Bibliográficos
Autor Principal: Denis, Claire (realización)
Autor Corporativo: Tindersticks (música)
Outros autores: Fargeau, Jean-Paul (guión) (guión), Denis, Claire (guión) (guión), Godard, Agnès (fotógrafo) (fotógrafo), Quettier, Nelly (montaje) (montaje), Gallo, Vincent (actuación) (actuación), Vessey, Tricia (actuación) (actuación), Dalle, Béatrice (actuación) (actuación)
Formato: Deslizar
Idioma:inglés
Publicado: Francia : Messaouda Films, 2000, c2000
Temas:
Etiquetas: Engadir etiqueta
Sen Etiquetas, Sexa o primeiro en etiquetar este rexistro!

MARC

LEADER 00000ngm^a2200000^a^4500
001 000275454
005 20250521000000.0
009 20260310111233.035
037 |a Acervo ITESO - Biblioteca 
041 |a ING 
082 |a 840.  |b DEN 
100 |a Denis, Claire  |e (realización) 
240 1 1 |a [Sangre caníbal] 
245 1 3 |a Un obscuro deseo :  |b sangre caníbal = Trouble Every Day /  |c Realización de C. Denis. 
246 2 |a Título en la pantalla: Sangre caníbal 
246 2 |a También se conoce como Sangre caníbal 
264 4 |a Francia :  |b Messaouda Films,  |c 2000, c2000 
264 2 |a México :  |b Zima Entertainment [distribución],  |c copyright fecha no identificada 
300 |a 1 DVD regiones 1 y 4  |c (97 min.) 
336 |a imagen móvil bidimensional  |b tdi  |2 rdacontenido 
337 |a video  |b v  |2 rdamedio 
338 |a videodisco  |b vd  |2 rdasoporte 
546 |a En francés e inglés, con subtítulos opcionales: español 
649 |a XX 
650 |a Películas de Suspenso y Terror 
650 |a Dramas Cinematográficos 
650 |a Cine Francés -  |y 2000-2009 
650 |a Cine Francés -  |y Siglo XXI 
650 |a Cine de Mujeres -  |z Francia 
650 |a Cine en Inglés -  |z Francia 
710 |a Tindersticks  |e (música) 
700 |a Fargeau, Jean-Paul  |e (guión) 
700 |a Denis, Claire  |e (guión) 
700 |a Godard, Agnès  |e (fotógrafo) 
700 |a Quettier, Nelly  |e (montaje) 
700 |a Gallo, Vincent  |e (actuación) 
700 |a Vessey, Tricia  |e (actuación) 
700 |a Dalle, Béatrice  |e (actuación) 
910 |a Fondo General 
920 |a Audiovisuales - DVDs 
940 |a Películas 
905 |a 302 
901 |a 0500142726  |b IT2  |c DVS  |u 20250521 
902 |a https://opac.biblio.iteso.mx/vufind/Record/000275454